Vývoj kresťanského sociálneho učenia

Postavenie kresťanstva pri riešení množstva politických, ideologických a spoločenských problémov sveta. Kresťanstvo ponúka riešenia vo svojom sociálnom učení. Základné dokumenty sociálneho učenia katolíckej cirkvi. Pápežské encykliky.

Enregistré dans:
Détails bibliographiques
Auteur principal: Stanek, Vojtech
Format: Chapitre de livre
Langue:slovaque
Sujets:
Tags: Ajouter un tag
Pas de tags, Soyez le premier à ajouter un tag!

MARC

LEADER 00000naa$a2200000$$$4500
001 0039803
005 20240502071505.4
041 0 |a slo 
044 |a SK 
245 1 0 |a Vývoj kresťanského sociálneho učenia  |c Vojtech Stanek 
520 |a Postavenie kresťanstva pri riešení množstva politických, ideologických a spoločenských problémov sveta. Kresťanstvo ponúka riešenia vo svojom sociálnom učení. Základné dokumenty sociálneho učenia katolíckej cirkvi. Pápežské encykliky. 
610 2 0 |a postavenie sociálne 
610 2 0 |a situácia sociálna 
610 2 0 |a chudobní 
610 2 0 |a chudoba 
610 2 0 |a cirkev 
610 2 0 |a kresťanstvo 
610 2 0 |a dokumenty 
610 2 0 |a pomoc sociálna 
100 1 |a Stanek, Vojtech